000 01276nam a2200349 i 4500
001 bg
003 KOSZ 005
005 20250812063401.0
008 080604s1963 pl a f 001 0 pol
015 _aPB 1963/7828
040 _aWA N
_cKOSZ 005/RW
_dKOSZ 005/RW
041 1 _apol
_hrus
046 _k1963
080 _a53
080 _a517
100 1 _aTihonov, Aleksandr Nikolaevič.
_eAutor
245 1 0 _aRównania fizyki matematycznej /
_cA. N. Tichonow, A. A. Samarski ; tł. Ryszard Bittner, Janusz Sułocki.
246 1 _iTyt. oryg.:
_aUravneniâ matematičeskoj fiziki
260 _aWarszawa :
_bPaństwowe Wydawnictwo Naukowe,
_c1963.
300 _a634, [1] s. :
_bil. ;
_c25 cm.
380 _aKsiążki.
388 _a1901-2000
504 _aBibliogr. s. [422]-423. Indeks.
658 _aFizyka i astronomia
650 4 _aFizyka matematyczna
700 1 _aSamarskij, Aleksandr Andreevič
_eAutor
700 1 _aSułocki, Janusz.
_eTłumaczenie
710 2 _aPaństwowe Wydawnictwo Naukowe
_4pbl.
700 1 _aBittner, Ryszard
_d(1927-1998)
_eTłumaczenie
856 _uhttp://koha.tu.koszalin.pl/cgi-bin/koha/opac-detail.pl?biblionumber=10926
_yKatalog online BPK
942 _2UKD
_cKS
999 _c10926
_d10926